| 000 | 01154 a2200277 4500 | ||
|---|---|---|---|
| 999 |
_c11215 _d11215 |
||
| 020 | _a9780323087896 (pbk. : alk. paper) | ||
| 050 | 0 | 0 |
_aRM301 _b.L466 2014 |
| 100 | 1 |
_aLilley, Linda Lane. _eauthor |
|
| 245 | 1 | 0 |
_aPharmacology and the nursing process / _cLinda Lane Lilley, Shelly Rainforth Collins, Julie S. Snyder ; with study skills tips by Diane Savoca. |
| 250 | _aseventh edition | ||
| 264 |
_aMissouri: _bElsevier, _c2014 |
||
| 300 |
_a 973 pages _bcolor illustrations ; |
||
| 336 |
_2rdacontent _atext _btxt |
||
| 337 |
_2rdamedia _aunmediated _bn |
||
| 338 |
_2rdacarrier _avolume _bnc |
||
| 500 | _aRev. ed. of: Pharmacology and the nursing process / Linda Lane Lilley ... [et al.]. 6th ed. c2011. | ||
| 504 | _aIncludes bibliographical references and index. | ||
| 650 | 1 | 2 | _aPharmacology |
| 650 | 2 | 2 | _aDrug Therapy |
| 650 | 2 | 2 |
_aPharmaceutical Preparations _xadministration & dosage |
| 700 | 1 |
_aCollins, Shelly Rainforth. _eauthor |
|
| 700 | 1 |
_aSnyder, Julie S. _eauthor |
|
| 700 | 1 |
_aSavoca, Diane. _eauthor |
|
| 942 |
_2lcc _cBK _eseventh edition _h301 _iLIL _kRM |
||